000 00571nam a2200217 a 4500
999 _c2968
_d2968
001 2968
003 BD-JhCC
005 20171108193235.0
008 171108s n a|||| ||a| 000 0 ben d
035 _a(BD-JhCC)2968
040 _aBD-JhCC
_dBD-JhCC
041 _aben
082 _a978
_bADM 1951
100 _aAdmas, Samuel Hopkins
245 _aThe Santa Fe Trail /
_cSamuel Hopkins Admas,
260 _aNew York :
_bSpencer Press Inc, Chicago,
300 _a181 p. :
_c22 cm.
650 _aSanta Fe National Historic Trail
942 _2ddc
_cBK